Score 0/15 Timer 04:00
0 Plays Today
Hint Answer % Correct
An explosive device or a movie like IshtarBomb
95.6%
A baby's mealtime neckwearBib
92.4%
A short hairstyle or TV's NewhartBob
90.8%
An object having no distinct shape or definitionBlob
79.9%
Hansel and Gretel would drop one as part of a trail back homeBreadcrumb
73.5%
Spill the beansBlab
70.3%
Flower starter or a source of electric lightingBulb
70%
A container or cauldron in which one becomes cleanBathtub
62.5%
Hint Answer % Correct
A cutting remark or end of a fish hookBarb
59%
Book jacket writing, squibBlurb
52.9%
Term for Satan (has a devil put aside for me, for me, for meeeeeee)Beelzebub
52.7%
A chucklehead or a numbskullBoob
45.8%
A betrayal or an attempt to discredit by underhanded meansBackstab
25.2%
A bar serving beer made at a small microbrewery on the premisesBrewpub
18.5%
Gobbledegook, confusing or generally unintelligible jargonBafflegab
1.2%
Come Together.
Have Fun.
All Virtual.
We all need to come together. Play Sporcle's virtual live trivia to have fun, connect with people, and get your trivia on. Join a live hosted trivia game for your favorite pub trivia experience done virtually. If a virtual private party is more your thing, go here for details.

You're not logged in!

Compare scores with friends on all Sporcle quizzes.
OR
Log In

Sporcle TV

Today on Sporcle TV


Watch our educational content, quiz creation guides, and fun videos on Sporcle TV.

Show Comments

Extras

Top Quizzes Today


Score Distribution

Paid Content

Your Account Isn't Verified!

In order to create a playlist on Sporcle, you need to verify the email address you used during registration. Go to your Sporcle Settings to finish the process.

Report this User

Report this user for behavior that violates our Community Guidelines.

Details: